000 00611cam a22002173a 4500
001 41960
003 PGUSA
005 20140828083939.0
008 130201s2013||||xxu|||||s|||||000 | eng d
040 _aPGUSA
_beng
042 _adc
100 1 _aTaylor, Bayard,
_d1825-1878
245 1 0 _aTravels in Arabia
_h[electronic resource] /
_cBayard Taylor
260 _bProject Gutenberg,
_c2013
506 _aPublic domain in the USA.
516 _aElectronic text
700 1 _aStevens, Thomas,
_d1854-1935
830 0 _aProject Gutenberg
_v41960
856 4 0 _uhttp://www.gutenberg.org/ebooks/41960
942 _cEB
999 _c271212
_d271212